| 000 -ლიდერი |
| ფიქსირებული სიგრძის საკონტროლო ველი |
00760nam a2200181Ia 4500 |
| 001 - საკონტროლო ნომერი |
| საკონტროლო ველი |
2309 |
| 003 - საკონტროლო ნომრის იდენტიფიკატორი |
| საკონტროლო ველი |
GE_BSU |
| 005 - ბოლო ოპერაციის თარიღი და დრო |
| საკონტროლო ველი |
20190529131113.0 |
| 008 - ფიქსირებული სიგრძის მონაცემთა ელემენტები - ზოგადი ინფორმაცია |
| ფიქსირებული სიგრძის საკონტროლო ველი |
181216s2008||||ge |||||||||||||| ||geo|| |
| 040 ## - კატალოგიზაციის წყარო |
| Transcribing agency |
GE_BSU |
| 041 ## - ენის კოდი |
| Language code of text/sound track or separate title |
geo |
| 080 ## - უნივერსალური ათობითი კლასიფიკაციის ინდექსი |
| Universal Decimal Classification number |
61 მ–48 |
| 245 ## - ცნობა სათაურის შესახებ |
| Title |
მედიცინის სიტყვანი : |
| Remainder of title |
პროექტის პირველადი ვარიანტი / |
| Statement of responsibility, etc |
სპეციალური სამეცნიერო რედაქცია ; ენციკლოპედია "აჭარის" მთავარი სამეცნ. რედაქცია |
| 264 ## - წარმოების, გამოცემის, დისტრიბუციის და სხვა ცნობები |
| გამოცემის, წარმოების, დისტრიბუციის... ადგილი |
ბათუმი, |
| გამოცემის, წარმოების, დისტრიბუციის... სახელწოდება |
2008. |
| 300 ## - ფიზიკური აღწერა |
| Extent |
187 გვ.; |
| Other physical details |
21 სმ. |
| 653 ## - INDEX TERM--UNCONTROLLED |
| Uncontrolled term |
მედიცინა |
| 942 ## - ADDED ENTRY ELEMENTS (KOHA) |
| Koha item type |
წიგნი |
| Source of classification or shelving scheme |
|